[Event "Lidkoping Open 2019"]
[Site "Lidkoping"]
[Date "2019.08.24"]
[Round "2.21"]
[White "Mottang, Harald"]
[Black "Nordstrom, Felix"]
[Result "0-1"]
[WhiteElo "1559"]
[BlackElo "2060"]
[Annotator "NA"]
[PlyCount "92"]
[EventDate "2019.08.19"]
[EventType "swiss"]
[EventCountry "SWE"]
[SourceTitle "playchess.com"]
[Source "ChessBase"]
[SourceQuality "1"]
[TimeControl "2700+10"]

1. Nf3 {[%emt 0:00:00]} d5 {[%emt 0:00:00]} 2. c4 {[%emt 0:00:00]} d4 {[%emt 0:00:24]} 3. g3 {[%emt 0:00:00]} Nc6 {[%emt 0:00:19]} 4. Bg2 {[%emt 0:00:09]} e5 {[%emt 0:00:08]} 5. d3 {[%emt 0:00:23]} Nf6 {[%emt 0:00:28]} 6. a3 {[%emt 0:00:17]} a5 {[%emt 0:00:02]} 7. O-O {[%emt 0:00:21]} Be7 {[%emt 0:00:13]} 8. Bg5 {[%emt 0:01:15]} h6 {[%emt 0:00:30]} 9. Bxf6 {[%emt 0:00:31]} Bxf6 {[%emt 0:00:03]} 10. Nbd2 {[%emt 0:00:10]} O-O {[%emt 0:00:11]} 11. Ne4 {[%emt 0:01:01]} Be7 {[%emt 0:00:05]} 12. Rb1 {[%emt 0:02:03]} a4 {[%emt 0:00:23]} 13. Qc2 {[%emt 0:01:22]} f5 {[%emt 0:01:59]} 14. Ned2 {[%emt 0:00:09]} Bd7 {[%emt 0:01:22]} 15. e4 {[%emt 0:04:19]} dxe3 {[%emt 0:02:20]} 16. fxe3 {[%emt 0:00:06]} Bc5 {[%emt 0:00:06]} 17. Rbe1 {[%emt 0:04:17]} Qf6 {[%emt 0:03:36]} 18. Kh1 {[%emt 0:00:53]} Kh8 {[%emt 0:00:48]} 19. Ng1 {[%emt 0:01:54]} Qd6 {[%emt 0:01:07]} 20. Bd5 {[%emt 0:00:34]} Nd8 {[%emt 0:00:54]} 21. Bg2 {[%emt 0:10:06]} Qb6 {[%emt 0:07:04]} 22. e4 {[%emt 0:03:04]} f4 {[%emt 0:03:12]} 23. Ngf3 {[%emt 0:02:08]} Qd6 {[%emt 0:01:11]} 24. Nb1 {[%emt 0:01:12]} g5 {[%emt 0:01:54]} 25. Qc3 {[%emt 0:00:30]} Nc6 {[%emt 0:00:45]} 26. gxf4 {[%emt 0:01:02]} gxf4 {[%emt 0:02:23]} 27. Nh4 {[%emt 0:02:01]} Nd4 {[%emt 0:01:34]} 28. Nd2 {[%emt 0:00:26]} Rg8 {[%emt 0:02:45]} 29. Nf5 {[%emt 0:02:02]} Nxf5 {[%emt 0:02:28]} 30. exf5 {[%emt 0:00:03]} Bd4 {[%emt 0:00:24]} 31. Qb4 {[%emt 0:02:27]} Bxf5 {[%emt 0:01:48]} 32. Qxd6 {[%emt 0:00:28]} cxd6 {[%emt 0:00:02]} 33. Ne4 {[%emt 0:00:40]} Bxb2 {[%emt 0:04:28]} 34. Rb1 {[%emt 0:00:31]} Bxa3 {[%emt 0:00:08]} 35. Rxb7 {[%emt 0:00:02]} Rg7 {[%emt 0:00:57]} 36. Rfb1 {[%emt 0:00:32]} Ra6 {[%emt 0:00:46]} 37. Rb8+ {[%emt 0:00:15]} Kh7 {[%emt 0:00:13]} 38. Nf6+ {[%emt 0:00:16]} Kg6 {[%emt 0:00:05]} 39. Nd5 {[%emt 0:01:00]} Bc5 {[%emt 0:01:13]} 40. Nc3 {[%emt 0:01:12]} Bxd3 {[%emt 0:01:22]} 41. Be4+ {[%emt 0:00:19]} Bxe4+ {[%emt 0:00:05]} 42. Nxe4 {[%emt 0:00:01]} Bd4 {[%emt 0:00:54]} 43. Rf8 {[%emt 0:00:09]} a3 {[%emt 0:00:25]} 44. Rf6+ {[%emt 0:00:07]} Kh7 {[%emt 0:00:23]} 45. Rf8 {[%emt 0:00:26]} a2 {[%emt 0:00:16]} 46. Nf6+ {[%emt 0:00:09]} Kg6 {[%emt 0:00:02]} 0-1

[Event "Lidkoping Open 2019"]
[Site "Lidkoping"]
[Date "2019.08.24"]
[Round "2.22"]
[White "Olsson, Bo"]
[Black "Olsson, Stefan"]
[Result "1-0"]
[WhiteElo "1984"]
[BlackElo "1860"]
[Annotator "NA"]
[PlyCount "50"]
[EventDate "2019.08.19"]
[EventType "swiss"]
[EventCountry "SWE"]
[SourceTitle "playchess.com"]
[Source "ChessBase"]
[SourceQuality "1"]
[TimeControl "2700+10"]

1. Nf3 {[%emt 0:00:00]} Nf6 {[%emt 0:00:00]} 2. c4 {[%emt 0:00:00]} g6 {[%emt 0:00:04]} 3. b3 {[%emt 0:00:08]} Bg7 {[%emt 0:00:03]} 4. Bb2 {[%emt 0:00:07]} d6 {[%emt 0:00:14]} 5. d4 {[%emt 0:00:11]} O-O {[%emt 0:00:26]} 6. g3 {[%emt 0:00:06]} c5 {[%emt 0:02:17]} 7. Bg2 {[%emt 0:00:44]} Na6 {[%emt 0:01:23]} 8. O-O {[%emt 0:00:29]} Rb8 {[%emt 0:00:06]} 9. Nc3 {[%emt 0:01:05]} Nc7 {[%emt 0:01:44]} 10. dxc5 {[%emt 0:04:56]} dxc5 {[%emt 0:00:54]} 11. Qc1 {[%emt 0:03:36]} Bf5 {[%emt 0:06:58]} 12. Nh4 {[%emt 0:05:50]} Bd7 {[%emt 0:01:34]} 13. Rd1 {[%emt 0:00:36]} Qe8 {[%emt 0:01:44]} 14. h3 {[%emt 0:05:12]} Qc8 {[%emt 0:05:27]} 15. Kh2 {[%emt 0:00:14]} a6 {[%emt 0:00:03]} 16. e4 {[%emt 0:04:08]} Bc6 {[%emt 0:04:05]} 17. Nd5 {[%emt 0:00:41]} Bxd5 {[%emt 0:03:40]} 18. cxd5 {[%emt 0:00:15]} Nd7 {[%emt 0:08:07]} 19. Bxg7 {[%emt 0:00:49]} Kxg7 {[%emt 0:00:02]} 20. Qe3 {[%emt 0:01:52]} e5 {[%emt 0:01:20]} 21. dxe6 {[%emt 0:03:29]} Nxe6 {[%emt 0:00:04]} 22. f4 {[%emt 0:01:12]} Re8 {[%emt 0:02:18]} 23. Nf3 {[%emt 0:01:42]} b5 {[%emt 0:00:37]} 24. Rac1 {[%emt 0:01:55]} Kg8 {[%emt 0:04:31]} 25. e5 {[%emt 0:04:30]} Qc7 {[%emt 0:01:29]} 1-0

[Event "Lidkoping Open 2019"]
[Site "Lidkoping"]
[Date "2019.08.24"]
[Round "2.23"]
[White "Dyrnes, Jussi"]
[Black "Svedberg, Hans"]
[Result "1-0"]
[WhiteElo "1779"]
[BlackElo "2008"]
[Annotator "NA"]
[PlyCount "85"]
[EventDate "2019.08.19"]
[EventType "swiss"]
[EventCountry "SWE"]
[SourceTitle "playchess.com"]
[Source "ChessBase"]
[SourceQuality "1"]
[TimeControl "2700+10"]

1. d4 {[%emt 0:00:00]} Nf6 {[%emt 0:01:19]} 2. Bf4 {[%emt 0:00:00]} g6 {[%emt 0:00:06]} 3. Nf3 {[%emt 0:00:27]} Bg7 {[%emt 0:00:07]} 4. e3 {[%emt 0:00:17]} d6 {[%emt 0:00:30]} 5. Bd3 {[%emt 0:45:06]} c5 {[%emt 0:00:54]} 6. Nbd2 {[%emt 0:00:00]} cxd4 {[%emt 0:02:45]} 7. exd4 {[%emt 0:00:00]} Nd5 {[%emt 0:02:42]} 8. Bg5 {[%emt 0:00:00]} h6 {[%emt 0:01:45]} 9. Bh4 {[%emt 0:00:00]} Nc6 {[%emt 0:02:24]} 10. c3 {[%emt 0:00:00]} Nf4 {[%emt 0:02:33]} 11. Bf1 {[%emt 0:00:00]} O-O {[%emt 0:01:45]} 12. h3 {[%emt 0:01:10]} Qc7 {[%emt 0:07:46]} 13. Bg3 {[%emt 0:00:10]} Nh5 {[%emt 0:01:15]} 14. Bh2 {[%emt 0:00:00]} e5 {[%emt 0:00:51]} 15. d5 {[%emt 0:00:20]} Ne7 {[%emt 0:01:34]} 16. c4 {[%emt 0:00:10]} Nf4 {[%emt 0:03:11]} 17. Qb3 {[%emt 0:00:10]} b5 {[%emt 0:01:51]} 18. Bxf4 {[%emt 0:00:00]} exf4 {[%emt 0:00:56]} 19. Bd3 {[%emt 0:00:00]} bxc4 {[%emt 0:06:15]} 20. Qxc4 {[%emt 0:00:00]} Qxc4 {[%emt 0:07:51]} 21. Nxc4 {[%emt 0:00:00]} Ba6 {[%emt 0:00:00]} 22. Rd1 {[%emt 0:00:00]} Bxc4 {[%emt 0:00:00]} 23. Bxc4 {[%emt 0:00:00]} Bxb2 {[%emt 0:00:30]} 24. Ke2 {[%emt 0:00:00]} a5 {[%emt 0:00:00]} 25. Rb1 {[%emt 0:00:00]} Rab8 {[%emt 0:00:00]} 26. Bb3 {[%emt 0:00:00]} Ba3 {[%emt 0:00:00]} 27. Rhd1 {[%emt 0:00:00]} Nf5 {[%emt 0:00:00]} 28. Ba4 {[%emt 0:00:22]} Bc5 {[%emt 0:00:00]} 29. Nd2 {[%emt 0:00:30]} Rb4 {[%emt 0:00:00]} 30. Rxb4 {[%emt 0:00:17]} axb4 {[%emt 0:00:00]} 31. Ne4 {[%emt 0:00:33]} Ra8 {[%emt 0:00:00]} 32. Bb3 {[%emt 0:00:11]} Nd4+ {[%emt 0:00:00]} 33. Kd3 {[%emt 0:00:07]} Nxb3 {[%emt 0:00:00]} 34. axb3 {[%emt 0:00:02]} Ra2 {[%emt 0:00:22]} 35. Nxc5 {[%emt 0:00:06]} dxc5 {[%emt 0:00:01]} 36. Kc4 {[%emt 0:00:01]} Rc2+ {[%emt 0:00:09]} 37. Kb5 {[%emt 0:00:15]} Kf8 {[%emt 0:00:05]} 38. Re1 {[%emt 0:00:07]} Rc3 {[%emt 0:00:17]} 39. d6 {[%emt 0:00:05]} Kg7 {[%emt 0:01:18]} 40. d7 {[%emt 0:00:04]} Rd3 {[%emt 0:00:03]} 41. Kc6 {[%emt 0:00:04]} c4 {[%emt 0:00:12]} 42. bxc4 {[%emt 0:00:08]} b3 {[%emt 0:00:03]} 43. Kc7 {[%emt 0:00:09]} 1-0

[Event "Lidkoping Open 2019"]
[Site "Lidkoping"]
[Date "2019.08.24"]
[Round "3.1"]
[White "Bellon Lopez, Juan Manuel"]
[Black "Ask, Josef"]
[Result "0-1"]
[WhiteElo "2335"]
[BlackElo "2136"]
[Annotator "NA"]
[PlyCount "130"]
[EventDate "2019.08.19"]
[EventType "swiss"]
[EventCountry "SWE"]
[SourceTitle "playchess.com"]
[Source "ChessBase"]
[SourceQuality "1"]
[TimeControl "2700+10"]

1. Nf3 {[%emt 0:00:00]} Nf6 {[%emt 0:00:00]} 2. d4 {[%emt 0:00:00]} g6 {[%emt 0:00:02]} 3. Bf4 {[%emt 0:00:00]} Bg7 {[%emt 0:00:05]} 4. e3 {[%emt 0:00:00]} d6 {[%emt 0:00:05]} 5. h3 {[%emt 0:00:02]} O-O {[%emt 0:00:07]} 6. Be2 {[%emt 0:00:01]} Ne4 {[%emt 0:00:15]} 7. Nbd2 {[%emt 0:00:11]} Nxd2 {[%emt 0:00:07]} 8. Qxd2 {[%emt 0:00:04]} Nd7 {[%emt 0:00:05]} 9. O-O {[%emt 0:01:26]} e5 {[%emt 0:00:09]} 10. Bh2 {[%emt 0:00:04]} Qe7 {[%emt 0:00:10]} 11. c4 {[%emt 0:00:36]} f5 {[%emt 0:00:34]} 12. c5 {[%emt 0:01:40]} g5 {[%emt 0:02:08]} 13. cxd6 {[%emt 0:01:14]} cxd6 {[%emt 0:00:06]} 14. Qb4 {[%emt 0:00:24]} a5 {[%emt 0:02:15]} 15. Qa3 {[%emt 0:00:01]} f4 {[%emt 0:00:36]} 16. dxe5 {[%emt 0:00:23]} Nxe5 {[%emt 0:00:06]} 17. exf4 {[%emt 0:00:40]} gxf4 {[%emt 0:00:12]} 18. Rad1 {[%emt 0:00:32]} Nxf3+ {[%emt 0:00:42]} 19. Bxf3 {[%emt 0:00:03]} Be5 {[%emt 0:00:10]} 20. Rfe1 {[%emt 0:00:40]} Ra6 {[%emt 0:01:37]} 21. Bg4 {[%emt 0:01:37]} Bxg4 22. hxg4 {[%emt 0:00:01]} Qg7 {[%emt 0:00:53]} 23. Qf3 {[%emt 0:01:00]} Rb6 {[%emt 0:00:35]} 24. b3 {[%emt 0:00:03]} Kh8 {[%emt 0:00:15]} 25. Re4 {[%emt 0:00:19]} Rb4 {[%emt 0:00:15]} 26. Rxb4 {[%emt 0:00:33]} axb4 {[%emt 0:00:02]} 27. Rc1 {[%emt 0:01:17]} b5 {[%emt 0:00:47]} 28. Qe2 {[%emt 0:03:00]} Ra8 {[%emt 0:03:30]} 29. Qxb5 {[%emt 0:02:43]} Qxg4 {[%emt 0:00:39]} 30. Qxb4 {[%emt 0:00:28]} Rg8 {[%emt 0:01:35]} 31. Qe4 {[%emt 0:00:15]} h5 {[%emt 0:01:09]} 32. Kf1 {[%emt 0:02:29]} h4 {[%emt 0:00:39]} 33. Qf3 {[%emt 0:01:39]} Qxf3 {[%emt 0:05:51]} 34. gxf3 {[%emt 0:00:01]} h3 {[%emt 0:00:01]} 35. Ke2 {[%emt 0:04:55]} Ra8 {[%emt 0:01:20]} 36. a4 {[%emt 0:00:30]} Rb8 {[%emt 0:00:25]} 37. Rb1 {[%emt 0:01:00]} Rb4 {[%emt 0:00:17]} 38. a5 {[%emt 0:00:29]} Kg7 {[%emt 0:00:22]} 39. Kd3 {[%emt 0:04:25]} Kf6 {[%emt 0:00:14]} 40. a6 {[%emt 0:00:02]} Rb6 {[%emt 0:00:15]} 41. Ke4 {[%emt 0:00:03]} d5+ {[%emt 0:02:19]} 42. Kxd5 {[%emt 0:00:12]} Rxa6 {[%emt 0:00:25]} 43. Rh1 {[%emt 0:05:35]} Rd6+ {[%emt 0:00:51]} 44. Kc5 {[%emt 0:00:01]} Rd3 {[%emt 0:00:30]} 45. Bxf4 {[%emt 0:00:02]} Bxf4 {[%emt 0:00:25]} 46. Rxh3 {[%emt 0:00:01]} Rxb3 {[%emt 0:00:12]} 47. Kd5 {[%emt 0:00:04]} Kf5 {[%emt 0:00:33]} 48. Kd4 {[%emt 0:02:06]} Rb2 {[%emt 0:00:44]} 49. Rh7 {[%emt 0:00:58]} Rd2+ {[%emt 0:00:10]} 50. Kc3 {[%emt 0:00:02]} Rxf2 {[%emt 0:00:07]} 51. Rf7+ {[%emt 0:00:01]} Ke5 {[%emt 0:00:21]} 52. Kd3 {[%emt 0:00:53]} Rxf3+ {[%emt 0:00:30]} 53. Ke2 {[%emt 0:00:00]} Ra3 {[%emt 0:00:13]} 54. Kf2 {[%emt 0:00:10]} Ke4 {[%emt 0:00:09]} 55. Re7+ {[%emt 0:00:01]} Be5 {[%emt 0:00:02]} 56. Ke1 {[%emt 0:00:08]} Ra2 {[%emt 0:00:08]} 57. Kd1 {[%emt 0:00:02]} Kd3 {[%emt 0:00:27]} 58. Ke1 {[%emt 0:00:22]} Bd4 {[%emt 0:00:25]} 59. Kf1 {[%emt 0:00:00]} Rf2+ {[%emt 0:00:14]} 60. Ke1 {[%emt 0:00:03]} Rg2 {[%emt 0:00:35]} 61. Kd1 {[%emt 0:00:01]} Rh2 {[%emt 0:00:54]} 62. Re8 {[%emt 0:00:33]} Ra2 {[%emt 0:00:55]} 63. Rc8 {[%emt 0:00:02]} Ra7 {[%emt 0:01:21]} 64. Rc6 {[%emt 0:00:21]} Be5 {[%emt 0:00:26]} 65. Ke1 {[%emt 0:00:09]} Rf7 {[%emt 0:00:23]} 0-1

[Event "Lidkoping Open 2019"]
[Site "Lidkoping"]
[Date "2019.08.24"]
[Round "3.2"]
[White "Johnson, Daniel"]
[Black "Winsnes, Rikard"]
[Result "1/2-1/2"]
[WhiteElo "2201"]
[BlackElo "2375"]
[Annotator "NA"]
[PlyCount "112"]
[EventDate "2019.08.19"]
[EventType "swiss"]
[EventCountry "SWE"]
[SourceTitle "playchess.com"]
[Source "ChessBase"]
[SourceQuality "1"]
[TimeControl "2700+10"]

1. d4 {[%emt 0:05:42]} Nf6 {[%emt 0:00:10]} 2. c4 {[%emt 0:00:05]} g6 {[%emt 0:00:04]} 3. Nc3 {[%emt 0:00:03]} d5 {[%emt 0:00:20]} 4. cxd5 {[%emt 0:01:30]} Nxd5 {[%emt 0:00:07]} 5. e4 {[%emt 0:00:04]} Nxc3 {[%emt 0:00:07]} 6. bxc3 {[%emt 0:00:04]} Bg7 {[%emt 0:00:05]} 7. Bc4 {[%emt 0:00:27]} c5 {[%emt 0:00:16]} 8. Ne2 {[%emt 0:00:15]} Nc6 {[%emt 0:00:19]} 9. Be3 {[%emt 0:00:25]} O-O {[%emt 0:00:25]} 10. O-O {[%emt 0:00:08]} Na5 {[%emt 0:00:36]} 11. Bd3 {[%emt 0:00:49]} b6 {[%emt 0:00:27]} 12. Qd2 {[%emt 0:00:35]} e5 {[%emt 0:01:16]} 13. dxc5 {[%emt 0:04:57]} Be6 {[%emt 0:00:47]} 14. cxb6 {[%emt 0:07:36]} Nc4 {[%emt 0:00:34]} 15. Bxc4 {[%emt 0:03:22]} Qxd2 {[%emt 0:00:18]} 16. Bxd2 {[%emt 0:00:04]} Bxc4 {[%emt 0:00:05]} 17. Rfe1 {[%emt 0:02:32]} axb6 {[%emt 0:00:13]} 18. a4 {[%emt 0:02:31]} Ra6 {[%emt 0:10:03]} 19. Be3 {[%emt 0:02:14]} Rfa8 {[%emt 0:00:13]} 20. Rab1 {[%emt 0:01:38]} Rxa4 {[%emt 0:00:13]} 21. Bxb6 {[%emt 0:02:27]} Bd3 {[%emt 0:00:22]} 22. Rbd1 {[%emt 0:02:37]} Bxe4 {[%emt 0:00:37]} 23. Rd8+ {[%emt 0:04:26]} Rxd8 {[%emt 0:00:25]} 24. Bxd8 {[%emt 0:00:02]} h5 {[%emt 0:00:52]} 25. h3 {[%emt 0:01:03]} Bd3 {[%emt 0:00:59]} 26. Nc1 {[%emt 0:02:57]} Bc2 {[%emt 0:01:04]} 27. Be7 {[%emt 0:00:34]} f5 {[%emt 0:02:11]} 28. Bb4 {[%emt 0:00:10]} Kf7 {[%emt 0:00:42]} 29. Ne2 {[%emt 0:00:05]} Bd3 {[%emt 0:00:38]} 30. Nc1 {[%emt 0:00:25]} Bc4 {[%emt 0:00:27]} 31. Ne2 {[%emt 0:00:06]} Ra2 {[%emt 0:00:27]} 32. Ng3 {[%emt 0:00:14]} Bf6 {[%emt 0:00:54]} 33. Nf1 {[%emt 0:00:07]} f4 {[%emt 0:00:51]} 34. Rd1 {[%emt 0:00:14]} Ke6 {[%emt 0:00:27]} 35. g4 {[%emt 0:00:10]} Ra6 {[%emt 0:03:22]} 36. Nd2 {[%emt 0:00:10]} Be2 {[%emt 0:00:53]} 37. Re1 {[%emt 0:00:05]} f3 {[%emt 0:00:02]} 38. Ne4 {[%emt 0:00:13]} Be7 {[%emt 0:00:42]} 39. Bxe7 {[%emt 0:00:10]} Kxe7 {[%emt 0:00:01]} 40. gxh5 {[%emt 0:00:01]} gxh5 {[%emt 0:00:09]} 41. Ng3 {[%emt 0:00:09]} Ra2 {[%emt 0:01:11]} 42. Nxh5 {[%emt 0:00:10]} Ke6 {[%emt 0:00:03]} 43. Ng3 {[%emt 0:00:07]} Rc2 {[%emt 0:00:01]} 44. h4 {[%emt 0:00:17]} Ba6 {[%emt 0:00:18]} 45. Re3 {[%emt 0:00:13]} Bb7 {[%emt 0:00:01]} 46. Ne4 {[%emt 0:00:09]} Bxe4 {[%emt 0:00:31]} 47. Rxe4 {[%emt 0:00:02]} Rxc3 {[%emt 0:00:01]} 48. Kh2 {[%emt 0:00:18]} Kf5 {[%emt 0:00:01]} 49. Ra4 {[%emt 0:00:06]} Rc5 {[%emt 0:01:03]} 50. Kg3 {[%emt 0:00:05]} e4 {[%emt 0:00:00]} 51. Ra8 {[%emt 0:00:17]} Kg6 {[%emt 0:00:09]} 52. Kf4 {[%emt 0:00:11]} Rc2 {[%emt 0:00:55]} 53. Kxe4 {[%emt 0:00:09]} Rxf2 {[%emt 0:00:01]} 54. Rf8 {[%emt 0:00:02]} Kh5 {[%emt 0:00:36]} 55. Rxf3 {[%emt 0:00:02]} Rxf3 {[%emt 0:00:06]} 56. Kxf3 {[%emt 0:00:01]} Kxh4 1/2-1/2

[Event "Lidkoping Open 2019"]
[Site "Lidkoping"]
[Date "2019.08.24"]
[Round "3.3"]
[White "Ernst, Thomas"]
[Black "Carlstrom, Niklas"]
[Result "1-0"]
[WhiteElo "2329"]
[BlackElo "2095"]
[Annotator "NA"]
[PlyCount "61"]
[EventDate "2019.08.19"]
[EventType "swiss"]
[EventCountry "SWE"]
[SourceTitle "playchess.com"]
[Source "ChessBase"]
[SourceQuality "1"]
[TimeControl "2700+10"]

1. e4 {[%emt 0:00:00]} d6 {[%emt 0:00:12]} 2. d4 {[%emt 0:00:03]} Nf6 {[%emt 0:00:07]} 3. Nc3 {[%emt 0:00:03]} e5 {[%emt 0:00:07]} 4. dxe5 {[%emt 0:00:36]} dxe5 {[%emt 0:00:07]} 5. Qxd8+ {[%emt 0:00:03]} Kxd8 {[%emt 0:00:06]} 6. Bg5 {[%emt 0:00:07]} Be6 {[%emt 0:00:20]} 7. O-O-O+ {[%emt 0:00:22]} Nbd7 {[%emt 0:00:13]} 8. f4 {[%emt 0:01:40]} exf4 {[%emt 0:00:40]} 9. Nge2 {[%emt 0:01:43]} c6 {[%emt 0:03:28]} 10. Bxf4 {[%emt 0:04:23]} Bc5 {[%emt 0:41:20]} 11. Nd4 {[%emt 0:03:14]} Bg4 {[%emt 0:00:00]} 12. Rd2 {[%emt 0:03:09]} Re8 {[%emt 0:00:00]} 13. e5 {[%emt 0:01:30]} Nh5 {[%emt 0:00:00]} 14. g3 {[%emt 0:00:25]} f6 {[%emt 0:00:00]} 15. h3 {[%emt 0:01:09]} fxe5 {[%emt 0:00:00]} 16. Bg5+ {[%emt 0:00:16]} Kc8 {[%emt 0:00:00]} 17. hxg4 {[%emt 0:00:15]} exd4 {[%emt 0:00:00]} 18. gxh5 {[%emt 0:01:14]} dxc3 {[%emt 0:00:00]} 19. bxc3 {[%emt 0:00:18]} Be3 {[%emt 0:00:00]} 20. Bxe3 {[%emt 0:00:19]} Rxe3 {[%emt 0:00:00]} 21. Bh3 {[%emt 0:00:13]} Rxg3 {[%emt 0:00:00]} 22. Bxd7+ {[%emt 0:00:21]} Kc7 {[%emt 0:00:00]} 23. Bf5 {[%emt 0:03:13]} g6 {[%emt 0:00:00]} 24. hxg6 {[%emt 0:00:24]} hxg6 {[%emt 0:00:00]} 25. Rd7+ {[%emt 0:00:44]} Kb6 {[%emt 0:00:00]} 26. Bd3 {[%emt 0:00:15]} Re8 {[%emt 0:00:00]} 27. Rhh7 {[%emt 0:00:46]} Rg1+ {[%emt 0:00:00]} 28. Kb2 {[%emt 0:00:11]} Ree1 {[%emt 0:00:00]} 29. Rxb7+ {[%emt 0:00:17]} Kc5 {[%emt 0:00:00]} 30. Rxa7 {[%emt 0:00:43]} Rb1+ {[%emt 0:00:00]} 31. Ka3 {[%emt 0:00:06]} 1-0

[Event "Lidkoping Open 2019"]
[Site "Lidkoping"]
[Date "2019.08.24"]
[Round "3.4"]
[White "Kleimark, Anders"]
[Black "Svensson, Bengt"]
[Result "0-1"]
[WhiteElo "2016"]
[BlackElo "2310"]
[Annotator "NA"]
[PlyCount "43"]
[EventDate "2019.08.19"]
[EventType "swiss"]
[EventCountry "SWE"]
[SourceTitle "playchess.com"]
[Source "ChessBase"]
[SourceQuality "1"]
[TimeControl "2700+10"]

1. d4 {[%emt 0:00:01]} d5 {[%emt 0:00:02]} 2. c4 {[%emt 0:00:12]} dxc4 {[%emt 0:00:20]} 3. Nf3 {[%emt 0:00:50]} Nf6 {[%emt 0:00:12]} 4. e3 {[%emt 0:00:12]} e6 {[%emt 0:00:31]} 5. Bxc4 {[%emt 0:00:24]} c5 {[%emt 0:00:03]} 6. Qe2 {[%emt 0:01:50]} cxd4 {[%emt 0:02:27]} 7. O-O {[%emt 0:01:28]} Nc6 {[%emt 0:02:45]} 8. Rd1 {[%emt 0:01:32]} Be7 {[%emt 0:03:22]} 9. exd4 {[%emt 0:03:16]} O-O {[%emt 0:00:44]} 10. Nc3 {[%emt 0:00:43]} Na5 {[%emt 0:02:07]} 11. Bd3 {[%emt 0:03:19]} b6 {[%emt 0:00:31]} 12. Bg5 {[%emt 0:03:22]} Bb7 {[%emt 0:00:34]} 13. Bc2 {[%emt 0:02:53]} Rc8 {[%emt 0:02:11]} 14. Qd3 {[%emt 0:02:15]} g6 {[%emt 0:00:15]} 15. Ne5 {[%emt 0:04:39]} Nd5 {[%emt 0:03:02]} 16. Bxe7 {[%emt 0:02:11]} Qxe7 {[%emt 0:00:11]} 17. Nxd5 {[%emt 0:02:57]} Bxd5 {[%emt 0:00:10]} 18. Ba4 {[%emt 0:01:53]} Rc7 {[%emt 0:02:19]} 19. Qg3 {[%emt 0:01:44]} Rfc8 {[%emt 0:03:11]} 20. Ng4 {[%emt 0:02:37]} h5 {[%emt 0:03:24]} 21. Ne5 {[%emt 0:00:38]} Kg7 {[%emt 0:01:08]} 22. Bb5 {[%emt 0:00:37]} 0-1

[Event "Lidkoping Open 2019"]
[Site "Lidkoping"]
[Date "2019.08.24"]
[Round "3.5"]
[White "Andersson, Fredrik"]
[Black "Blomstrom, Lars"]
[Result "1/2-1/2"]
[WhiteElo "2264"]
[BlackElo "2132"]
[Annotator "NA"]
[PlyCount "73"]
[EventDate "2019.08.19"]
[EventType "swiss"]
[EventCountry "SWE"]
[SourceTitle "playchess.com"]
[Source "ChessBase"]
[SourceQuality "1"]
[TimeControl "2700+10"]

1. d4 {[%emt 0:00:00]} Nf6 {[%emt 0:00:00]} 2. c4 {[%emt 0:00:00]} e6 {[%emt 0:00:02]} 3. Nf3 {[%emt 0:00:00]} d5 {[%emt 0:00:09]} 4. Nc3 {[%emt 0:00:05]} c6 {[%emt 0:00:26]} 5. e3 {[%emt 0:01:26]} Bd6 {[%emt 0:00:31]} 6. Bd3 {[%emt 0:00:35]} Nbd7 {[%emt 0:00:52]} 7. O-O {[%emt 0:00:29]} O-O {[%emt 0:00:21]} 8. e4 {[%emt 0:01:00]} dxc4 {[%emt 0:02:47]} 9. Bxc4 {[%emt 0:00:13]} e5 {[%emt 0:00:47]} 10. Bg5 {[%emt 0:08:57]} h6 {[%emt 0:02:28]} 11. Bh4 {[%emt 0:01:02]} Qe7 {[%emt 0:08:07]} 12. d5 {[%emt 0:05:31]} Rd8 {[%emt 0:05:39]} 13. Qe2 {[%emt 0:02:34]} Nf8 {[%emt 0:00:37]} 14. h3 {[%emt 0:03:51]} Ng6 {[%emt 0:01:21]} 15. Bg3 {[%emt 0:00:15]} Nh5 {[%emt 0:02:59]} 16. dxc6 {[%emt 0:01:03]} bxc6 {[%emt 0:00:34]} 17. Rfd1 {[%emt 0:00:35]} Nhf4 {[%emt 0:00:46]} 18. Qe3 {[%emt 0:01:23]} Be6 {[%emt 0:03:26]} 19. Bxe6 {[%emt 0:00:34]} Nxe6 {[%emt 0:00:21]} 20. Na4 {[%emt 0:01:24]} Ngf4 {[%emt 0:01:56]} 21. Rac1 {[%emt 0:00:48]} Rac8 {[%emt 0:00:02]} 22. Rd2 {[%emt 0:02:56]} Bb8 {[%emt 0:02:35]} 23. Rcd1 {[%emt 0:01:53]} Rxd2 {[%emt 0:02:32]} 24. Rxd2 {[%emt 0:00:07]} Rd8 {[%emt 0:01:34]} 25. Rxd8+ {[%emt 0:05:08]} Qxd8 {[%emt 0:00:03]} 26. Qd2 {[%emt 0:00:05]} Qxd2 {[%emt 0:01:51]} 27. Nxd2 {[%emt 0:00:01]} Ne2+ {[%emt 0:00:35]} 28. Kf1 {[%emt 0:00:03]} Nxg3+ {[%emt 0:00:14]} 29. fxg3 {[%emt 0:00:00]} Kf8 {[%emt 0:00:15]} 30. Ke2 {[%emt 0:00:12]} Ke7 {[%emt 0:00:24]} 31. Kd3 {[%emt 0:00:07]} Nd4 {[%emt 0:00:40]} 32. Nc4 {[%emt 0:00:30]} f6 {[%emt 0:00:07]} 33. Nc5 {[%emt 0:00:47]} h5 {[%emt 0:00:19]} 34. Nb3 {[%emt 0:07:06]} Nxb3 35. axb3 Bd6 {[%emt 0:05:30]} 36. Ne3 {[%emt 0:00:20]} g6 {[%emt 0:00:10]} 37. g4 {[%emt 0:00:10]} 1/2-1/2